কাঁদো নদী কাঁদো / (Record no. 40911)
[ view plain ]
| 000 -LEADER | |
|---|---|
| fixed length control field | 00930nam a2200265 a 4500 |
| 001 - CONTROL NUMBER | |
| control field | 40911 |
| 003 - CONTROL NUMBER IDENTIFIER | |
| rucl marc code | BD-RjUL |
| 005 - DATE AND TIME OF LATEST TRANSACTION | |
| control field | 20211209053309.0 |
| 008 - FIXED-LENGTH DATA ELEMENTS--GENERAL INFORMATION | |
| fixed length control field | 160402s1968 bg 000 1 beno |
| 020 ## - INTERNATIONAL STANDARD BOOK NUMBER | |
| Terms of availability | : Tk.6.00 |
| 035 ## - SYSTEM CONTROL NUMBER | |
| System control number | (BD-RjUL)41027 |
| System control number | (OCoLC)20154466 |
| 040 ## - CATALOGING SOURCE | |
| Original cataloging agency | DLC |
| Transcribing agency | WaU |
| Modifying agency | DLC |
| -- | BD-RjUL |
| Language of cataloging | ben |
| 041 ## - LANGUAGE CODE | |
| Language code of text/sound track or separate title | ben |
| 082 ## - DEWEY DECIMAL CLASSIFICATION NUMBER | |
| Edition number | 23 |
| Classification number | 891.443 |
| Author mark and year | WAK 1968 |
| 100 1# - MAIN ENTRY--PERSONAL NAME | |
| Personal name | ওয়ালীউল্লাহ, সৈয়দ |
| Dates associated with a name | ১৯২২-১৯৭১ |
| 9 (RLIN) | 120428 |
| 245 10 - TITLE STATEMENT | |
| Title | কাঁদো নদী কাঁদো / |
| Statement of responsibility, etc. | সৈয়দ ওয়ালীউল্লাহ |
| 250 ## - EDITION STATEMENT | |
| Edition statement | ১ম সং. |
| 260 ## - PUBLICATION, DISTRIBUTION, ETC. (IMPRINT) | |
| Place of publication, distribution, etc. | ঢাকা : |
| Name of publisher, distributor, etc. | আবদুল কাদির খান, |
| Date of publication, distribution, etc. | ১৯৬৮ |
| 300 ## - PHYSICAL DESCRIPTION | |
| Pagination | [৪], ২৬২ পৃ. ; |
| Size | ২২ সেমি. |
| 650 ## - SUBJECT ADDED ENTRY--TOPICAL TERM | |
| Topical term or geographic name as entry element | বাংলা উপন্যাস |
| 9 (RLIN) | 120429 |
| Topical term or geographic name as entry element | Bengali Fiction |
| 9 (RLIN) | 120430 |
| 942 ## - ADDED ENTRY ELEMENTS (KOHA) | |
| Source of classification or shelving scheme | Dewey Decimal Classification |
| Koha item type | Books |
| Lost status | Source of classification or shelving scheme | Damaged status | Not for loan | Collection code | Permanent Location | Current Location | Shelving location | Date acquired | Source of acquisition | Cost, normal purchase price | Total Checkouts | Total Renewals | Full call number | Date last seen | Date checked out | Copy number | Koha item type |
|---|---|---|---|---|---|---|---|---|---|---|---|---|---|---|---|---|---|
| Dewey Decimal Classification | Fiction | Central Library, University of Rajshahi | Central Library, University of Rajshahi | 07/08/1968 | Nowroze kitabistan, Dacca | 6.00 | 8 | B 891.443 WAK 1968 | 21/10/2025 | 16/09/2025 | C-2 | Books | |||||
| Dewey Decimal Classification | Not For Loan | Fiction | Central Library, University of Rajshahi | Central Library, University of Rajshahi | Reading Room | 07/08/1968 | Nowroze kitabistan, Dacca | 6.00 | B 891.443 WAK 1968 | 12/05/2016 | C-1 | Books | |||||
| Dewey Decimal Classification | Fiction | Central Library, University of Rajshahi | Central Library, University of Rajshahi | 07/08/1968 | Nowroze kitabistan, Dacca | 6.00 | 3 | B 891.443 WAK 1968 | 11/10/2022 | 03/10/2022 | C-3 | Books | |||||
| Dewey Decimal Classification | Fiction | Central Library, University of Rajshahi | Central Library, University of Rajshahi | 07/08/1968 | Nowrose kitabitan, Dhaka. | 6.00 | 3 | B 891.443 WAK 1968 | 24/09/2024 | 11/09/2024 | C-4 | Books |